Central Library OPAC University of Rajshahi
Normal view MARC view

Entry Personal Name

Number of records used in: 4

001 - CONTROL NUMBER

  • control field: 13973

003 - CONTROL NUMBER IDENTIFIER

  • control field: BD-RjUL

005 - DATE AND TIME OF LATEST TRANSACTION

  • control field: 20241029123351.0

008 - FIXED-LENGTH DATA ELEMENTS

  • fixed length control field: 241029|| aca||aabn | a|a d

040 ## - CATALOGING SOURCE

  • Original cataloging agency: BD-RjUL
  • Transcribing agency: BD-RjUL

100 ## - HEADING--PERSONAL NAME

  • Personal name: Ali Ahsan, Sayed

670 ## - SOURCE DATA FOUND

  • Source citation: Work cat.: (BD-RjUL)84185: شہیداللہ ، محمد ;; Shahidullah muhammad 13970, بنگلہ ادب کی تاریخ ;;; banglah adb ki taarekh /, 1957